Математика, Пособие-репетитор

Bibliografiske detaljer
Hovedforfatter: А. А. Гусак
Andre forfattere: Г. М. Гусак, Е. А. Бричикова
Summary:Книга находится в премиум-версии платформы «Русский как иностранный».
В пособии отражены все разделы программы по математике за курс средней школы. Пособие состоит из двух частей. В первой части излагаются вопросы по алгебре, во второй части – по геометрии. В каждом параграфе, посвященном определенной теме, приводятся теоретические сведения (без доказательств): основные определения, формулы, теоремы, уравнения. Далее следуют примеры с подробными решениями задач, относящихся к данной теме (620 примеров). Пособие включает 25 тематических тестов и 25 общих тестов, ответы к заданиям. Адресуется абитуриентам, а также преподавателям средних школ, гимназий, лицеев.
Гарантированный срок размещения на платформе до 30.06.2028 (автопролонгация)
Udgivet: Минск, Тетралит, 2023
Udgivelse:Математика
Fag:
Online adgang:Перейти к просмотру издания
Format: MixedMaterials Electronisk

MARC

LEADER 00000 a2200000 4500
001 RU/ROS-EDU.RU/131481
856 4 |u https://www.ros-edu.ru/book?id=131481  |z Перейти к просмотру издания 
010 |a 978-985-7171-71-2 
205 |a Математика  |b 2028-06-30 
333 |a Гарантированный срок размещения на платформе до 30.06.2028 (автопролонгация) 
100 |a 20230101d2023 |||y0rusy0250   |s 2028-06-30 
105 |a y z 000zy 
101 0 |a rus 
102 |a RU 
200 1 |a Математика  |b Электронный ресурс  |e Пособие-репетитор  |f А. А. Гусак, Г. М. Гусак, Е. А. Бричикова 
700 1 |b А. А.  |a Гусак  |4 070 
701 1 |b Г. М.  |a Гусак  |4 070 
701 1 |b Е. А.  |a Бричикова  |4 070 
330 |a В пособии отражены все разделы программы по математике за курс средней школы. Пособие состоит из двух частей. В первой части излагаются вопросы по алгебре, во второй части – по геометрии. В каждом параграфе, посвященном определенной теме, приводятся теоретические сведения (без доказательств): основные определения, формулы, теоремы, уравнения. Далее следуют примеры с подробными решениями задач, относящихся к данной теме (620 примеров). Пособие включает 25 тематических тестов и 25 общих тестов, ответы к заданиям. Адресуется абитуриентам, а также преподавателям средних школ, гимназий, лицеев. 
210 |a Минск  |c Тетралит  |d 2023 
610 1 |a математика 
610 1 |a алгебра 
610 1 |a геометрия 
610 1 |a уравнение 
610 1 |a теорема 
610 1 |a формула 
610 1 |a задача 
675 |a 51 
686 |a 22.1  |2 rubbk 
300 |a Книга находится в премиум-версии платформы «Русский как иностранный». 
215 |a 720 с.